リズム天国 登場ゲーム - Statistics

General Stats
  • This quiz has been taken 42 times
  • The average score is 87 of 237
Answer Stats
GBA カラテ家 % Correct
3DS | DS | Wii カラテ家
81%
DS | Wii 組み立て
77%
3DS | DS アイドル
69%
DS | Wii ロボット工場
65%
3DS | DS ピンポン
65%
3DS | DS しゅぎょう
65%
3DS | Wii バドミントン
65%
Wii しわけ
65%
DS 恋の実験室
62%
3DS | DS ウラオモテ
62%
3DS | DS コーラスメン
58%
DS リフティング
58%
3DS | Wii シーソー
58%
Wii タンバリン
58%
DS | Wii 組み立て2
58%
DS しゅぎょう2
58%
Wii Wデート
58%
3DS | DS シューティング
54%
3DS | DS カメラマン
54%
DS シンクロ
54%
3DS | DS 犬忍者
54%
3DS | DS ケロケロダンス
54%
3DS | Wii ホールインワン
54%
3DS | Wii レスラー会見
54%
DS | GBA | Wii リミックス1
54%
DS | Wii リミックス10
54%
DS | GBA | Wii リミックス2
54%
DS アイドル2
54%
DS ピンポン2
54%
DS | GBA | Wii リミックス3
54%
DS | GBA | Wii リミックス4
54%
DS | GBA | Wii リミックス5
54%
DS | GBA | Wii リミックス6
54%
DS | GBA | Wii リミックス7
54%
DS | GBA | Wii リミックス8
54%
DS | Wii リミックス9
54%
DS 応援団
50%
DS ロッカー
50%
Wii 重役会議
50%
3DS | Wii はたらくまんじゅう
50%
Wii 悪霊退散
50%
3DS | Wii 図書ガールズ
50%
DS | GBA | Wii カラテ家2
50%
Wii しわけ2
50%
3DS | GBA マーチャ
46%
GBA クイズ
46%
DS モアイソング
46%
DS ボックスショー
46%
Wii くしざし
46%
Wii さる時計
46%
DS ケロケロダンス2
46%
DS ウラオモテ2
46%
3DS | GBA リズム脱毛
42%
3DS | GBA しろいおばけ
42%
3DS | GBA 忍者
42%
3DS | DS ブルーバーズ
42%
DS ドッスン農園
42%
3DS | Wii 鳥の大群
42%
Wii コンコンズ
42%
Wii ボッサレシーブ
42%
DS ロッカー2
42%
3DS | GBA パチパチ三人衆
38%
3DS | GBA スペースダンス
38%
3DS | GBA リズムお習字
38%
GBA 花火
38%
3DS | GBA コスモダンス
38%
DS ショートライブ
38%
Wii エビおんど
38%
3DS カラテ家の父
38%
DS ボックスショー2
38%
DS モアイソング2
38%
DS コーラスメン2
38%
DS シューティング2
38%
Wii 悪霊退散2
38%
Wii はたらくまんじゅう2
38%
Wii Wデート2
38%
3DS | GBA エアーバッター
35%
3DS | GBA バイキンはかせ
35%
GBA ナイトウォーク
35%
GBA ホッピングロード
35%
DS ラブコール
35%
3DS | Wii 小さないきもの
35%
Wii さかな釣り
35%
3DS | Wii バッティングショー
35%
DS ブルーバーズ2
35%
DS リフティング2
35%
Wii ホールインワン2
35%
Wii だいスキRAP
35%
GBA まほうつかい
31%
GBA うさぎとび
31%
GBA ポリリズム
31%
GBA トスボーイズ
31%
3DS | Wii マッスル人形
31%
3DS | Wii ロケットゼロ
31%
Wii タップスター
31%
Wii 古書ガールズ
31%
3DS フルーツバスケット
31%
3DS コイントス
31%
3DS カメレオン
31%
3DS マキネコ
31%
Wii 小さないきもの2
31%
DS DJスクール
31%
GBA マーチャ2
27%
GBA しろいおばけ2
27%
DS シンクロ2
27%
3DS | GBA こっそりラット
23%
GBA トランとポリン
23%
3DS | GBA バリバリ三人衆
23%
GBA ボンダンス
23%
3DS エアボーダー
23%
3DS かえってきたカラテ家
23%
3DS コスモピンポン
23%
3DS ファイナルリミックス
23%
GBA エアーバッター2
23%
Wii だいスキRAP2
23%
GBA ゐあひぎり
19%
GBA ショータイム
19%
GBA ラップメン
19%
3DS | GBA タップダンズ
19%
3DS 通訳者
19%
3DS かえってきたピンポン
19%
3DS 失恋ベアー
19%
3DS スーパータップ
19%
GBA リズム脱毛2
19%
GBA ナイトウォーク2
19%
DS ロボット第2工場
19%
Wii マッスル人形2
19%
GBA ザ☆ぼんおどり
15%
GBA 忍者の子孫
15%
3DS | Wii コロコロたんけん隊
15%
3DS 階段キャッチ
15%
3DS チキンレース
15%
3DS かえってきたバドミントン
15%
3DS ハチハチリミックス
15%
3DS かえってきた通訳者
15%
3DS しらはドール
15%
3DS レフトリミックス
15%
3DS ケロケロナイト
15%
3DS ライトリミックス
15%
GBA トスボーイズ2
15%
GBA ポリリズム2
15%
GBA スーパータップダンズ
12%
3DS ロボット工場・オイル
12%
3DS ゐあひ斬り伝説
12%
3DS モリモリリミックス
12%
3DS かえってきたコーラスメン
12%
3DS かえってきたフルーツバスケット
12%
3DS バードリミックス
12%
3DS パジャマズ
12%
3DS うれっこアイドル
12%
GBA ホッピングロード2
12%
Wii 第2ロボット工場
12%
GBA ラップウィメン
8%
3DS ごっつぁん兄弟
8%
3DS かえってきた階段キャッチ
8%
3DS かえってきたリズム脱毛
8%
3DS マシーンリミックス
8%
3DS かえってきたシューティング
8%
3DS かえってきた小さないきもの
8%
3DS ドーナッツリミックス
8%
3DS かえってきたしろいおばけ
8%
3DS かえってきたコロコロたんけん隊
8%
3DS てってってパンパン
8%
3DS ウサギとび
4%
3DS かえってきたロボット工場・オイル
4%
3DS かえってきたマッスル人形
4%
3DS かえってきたパチパチ三人衆
4%
3DS 空中ブランコリン
4%
3DS かえってきたマキネコ
4%
3DS チョッキンリミックス
4%
3DS ダンスホール
4%
3DS マッスル人形チャンピオン
4%
3DS ジャングルブランコリン
4%
3DS ホールインワンレディー
4%
3DS ゐあひ斬り伝説Ⅱ
4%
3DS 元祖はたらくまんじゅう
4%
3DS オレンジリミックス
0%
No matching quizzes found
Score Distribution
Percent of People with Each Score
Percentile by Number Answered
Your Score History
You have not taken this quiz